000 00727nam a2200229Ia 4500
008 160517s9999 xx 000 0 und d
050 _aHF 5415.1265
050 _b.B173 2016
100 _aBalbontin, Hosen R.
245 4 _aThe effectiveness of social media marketing :
245 _ban assessment on southville students' awareness, attitude, and responsiveness in participating in a campus event /
245 _cHosen R. Balbontin.
260 _aLas PiƱas, Philippines :
260 _bSISC,
260 _c2016.
300 _a53 pages :
300 _billustrations ;
300 _c28 cm.
500 _aIncludes bibliographical references and appendices.
521 _aBusiness Administration
942 _cTH
999 _c293965
_d293965